| 000 | 00448nam a2200193Ia 4500 | ||
|---|---|---|---|
| 005 | 20250423094341.0 | ||
| 008 | 250422s9999 xx 000 0 und d | ||
| 020 | _a81-219-0061-1 | ||
| 050 | _aQD 251.2 .B345/ | ||
| 100 | _aBahl, Arun | ||
| 245 | 0 | _aAdvanced organic chemistry | |
| 250 | _a20th ed. | ||
| 260 | _aNew Delhi | ||
| 260 | _bS Chand and Company LTD | ||
| 260 | _c2008 | ||
| 300 | _a1365 p | ||
| 650 | _aScience | ||
| 942 | _cBK | ||
| 999 |
_c26981 _d26981 |
||